[Event "52nd National Challengers (National â€˜Bâ€™) Chess Cha"]
[Site "Indoor Stadium,Dharamshala,Himachal Pradesh,India"]
[Date "2014.05.10"]
[Round "3"]
[Board "14"]
[White "Rathnakaran, K."]
[Black "Deshmukh, Anup"]
[Result "1-0"]
[WhiteElo "2397"]
[BlackElo "2237"]
[PlyCount "105"]
[EventDate "2014.05.09"]
[EventRounds "13"]
[EventCountry "IND"]

1. e4 Nc6 2. d4 e5 3. d5 Nce7 4. Nf3 Ng6 5. h4 h5 6. g3 Bc5 7. a3 a5 8. Nc3 d6
9. Bb5+ Kf8 10. Qd3 f6 11. Be3 Bxe3 12. Qxe3 N6e7 13. Be2 Bd7 14. Nd2 Qe8 15.
a4 Nc8 16. Nb5 Qd8 17. Nc4 b6 18. Nd2 Na7 19. Nc3 Ne7 20. f4 Qe8 21. Qd3 Rd8
22. Rf1 Ng6 23. Qe3 Kg8 24. f5 Nf8 25. Rg1 Qe7 26. O-O-O Be8 27. Rg2 Nd7 28.
Rdg1 Nc5 29. b3 Rh7 30. Nf3 Rb8 31. Bb5 Nxb5 32. axb5 Kf8 33. Rf2 Rd8 34. Qe2
Bf7 35. Kb2 Ke8 36. Nd2 Kd7 37. Qc4 Rg8 38. Nd1 g5 39. fxg6 Rxg6 40. Ne3 Qe8
41. c3 Kd8 42. b4 Nb7 43. Nb3 Qd7 44. bxa5 bxa5 45. Ra1 Be8 46. Nxa5 Nxa5 47.
Rxa5 Ke7 48. Nf5+ Kf8 49. Ra8 Rg4 50. Qb4 Kf7 51. b6 cxb6 52. Nxd6+ Kg6 53.
Rxe8 1-0

[Event "52nd National Challengers (National â€˜Bâ€™) Chess Cha"]
[Site "Indoor Stadium,Dharamshala,Himachal Pradesh,India"]
[Date "2014.05.10"]
[Round "3"]
[Board "15"]
[White "Prasenjit, Datta"]
[Black "Rajesh, V A V"]
[Result "1/2-1/2"]
[WhiteElo "2208"]
[BlackElo "2382"]
[PlyCount "84"]
[EventDate "2014.05.09"]
[EventRounds "13"]
[EventCountry "IND"]

1. e4 e5 2. Nf3 Nc6 3. Bc4 Bc5 4. c3 Nf6 5. d3 d6 6. O-O O-O 7. Re1 h6 8. Bb3
a6 9. Nbd2 Re8 10. h3 Ba7 11. Nf1 Be6 12. Ng3 d5 13. Be3 Bxe3 14. Rxe3 dxe4 15.
Bxe6 Rxe6 16. dxe4 Qxd1+ 17. Rxd1 g6 18. Red3 Kf8 19. Nd2 Rd8 20. Rxd8+ Nxd8
21. Nc4 Ke7 22. f3 b5 23. Ne3 Rd6 24. Ngf5+ gxf5 25. Nxf5+ Ke6 26. Nxd6 cxd6
27. a4 d5 28. exd5+ Nxd5 29. axb5 axb5 30. Ra1 Nc7 31. Kf2 Nc6 32. Kg3 f5 33.
Kf2 Kf6 34. g4 f4 35. h4 e4 36. fxe4 Ne5 37. Ra7 Ne6 38. Rb7 Nxg4+ 39. Ke2 Ke5
40. Kf3 Nh2+ 41. Kg2 Ng4 42. Kf3 Nh2+ 1/2-1/2

[Event "52nd National Challengers (National â€˜Bâ€™) Chess Cha"]
[Site "Indoor Stadium,Dharamshala,Himachal Pradesh,India"]
[Date "2014.05.10"]
[Round "3"]
[Board "16"]
[White "Karthikeyan, P."]
[Black "Krishna Teja, N"]
[Result "1/2-1/2"]
[WhiteElo "2380"]
[BlackElo "2206"]
[PlyCount "48"]
[EventDate "2014.05.09"]
[EventRounds "13"]
[EventCountry "IND"]

1. d4 e6 2. Nf3 c5 3. e4 cxd4 4. Nxd4 a6 5. Bd3 Qc7 6. O-O Nc6 7. Nxc6 dxc6 8.
f4 Bc5+ 9. Kh1 e5 10. Nd2 Nf6 11. Nc4 Ng4 12. Qf3 b5 13. Nxe5 Nxe5 14. fxe5 Be6
15. Qg3 Rg8 16. a4 b4 17. c3 b3 18. a5 g5 19. Be3 Bxe3 20. Qxe3 c5 21. Rf5 h6
22. Be2 c4 23. Bh5 O-O-O 24. Rf2 Rd7 1/2-1/2

[Event "52nd National Challengers (National â€˜Bâ€™) Chess Cha"]
[Site "Indoor Stadium,Dharamshala,Himachal Pradesh,India"]
[Date "2014.05.10"]
[Round "3"]
[Board "21"]
[White "Vishnu, Prasanna. V"]
[Black "Anilkumar, O.T."]
[Result "1-0"]
[WhiteElo "2467"]
[BlackElo "2154"]
[PlyCount "51"]
[EventDate "2014.05.09"]
[EventRounds "13"]
[EventCountry "IND"]

1. e4 e6 2. d4 d5 3. Nc3 dxe4 4. Nxe4 Be7 5. Nf3 Nf6 6. Bd3 Nxe4 7. Bxe4 Nd7 8.
O-O Nf6 9. Bd3 O-O 10. Ne5 c5 11. dxc5 Bxc5 12. Re1 h6 13. Qf3 Nd7 14. Nxd7
Qxd7 15. Bxh6 f5 16. Bf4 b5 17. Rad1 Bb7 18. Qe2 Bd5 19. Bxb5 Qc8 20. c4 Be4
21. a3 a5 22. Be3 Rf6 23. f3 Bc6 24. Bxc5 Bxb5 25. Be7 Bxc4 26. Qc2 1-0

[Event "52nd National Challengers (National â€˜Bâ€™) Chess Cha"]
[Site "Indoor Stadium,Dharamshala,Himachal Pradesh,India"]
[Date "2014.05.11"]
[Round "4"]
[Board "1"]
[White "Anurag, Mhamal"]
[Black "Sethuraman, S.P."]
[Result "0-1"]
[WhiteElo "2420"]
[BlackElo "2582"]
[PlyCount "62"]
[EventDate "2014.05.09"]
[EventRounds "13"]
[EventCountry "IND"]

1. d4 d5 2. c4 e6 3. Nf3 Nf6 4. g3 Bb4+ 5. Bd2 Be7 6. Bg2 O-O 7. O-O Nbd7 8.
Qc2 c6 9. Bf4 b6 10. Nc3 Ba6 11. Nd2 Nh5 12. Rfd1 b5 13. cxb5 cxb5 14. a3 Rc8
15. Bf3 Nxf4 16. gxf4 Bd6 17. e3 Qh4 18. Bg2 Qh5 19. Kh1 Nf6 20. Bf3 Qh4 21.
Nb3 Kh8 22. Rg1 Rg8 23. Rg2 g5 24. Rag1 gxf4 25. Rxg8+ Rxg8 26. Rxg8+ Kxg8 27.
e4 Ng4 28. Bxg4 f3 29. h3 h5 30. Bxf3 Qxh3+ 31. Kg1 Bh2+ 0-1

[Event "52nd National Challengers (National â€˜Bâ€™) Chess Cha"]
[Site "Indoor Stadium,Dharamshala,Himachal Pradesh,India"]
[Date "2014.05.11"]
[Round "4"]
[Board "2"]
[White "Debashis, Das"]
[Black "Rathnakaran, K."]
[Result "1/2-1/2"]
[WhiteElo "2501"]
[BlackElo "2397"]
[PlyCount "209"]
[EventDate "2014.05.09"]
[EventRounds "13"]
[EventCountry "IND"]

1. d4 Nf6 2. c4 c5 3. d5 e6 4. Nc3 exd5 5. cxd5 d6 6. Nf3 g6 7. Bf4 a6 8. a4
Bg7 9. h3 O-O 10. e3 Re8 11. Nd2 Nbd7 12. Be2 Ne5 13. O-O Nfd7 14. Re1 b6 15.
Bh2 f5 16. f4 Nf7 17. Bd3 Nf6 18. Qf3 Ra7 19. Re2 Rae7 20. Kh1 Bb7 21. Rd1 Qa8
22. Bc4 b5 23. axb5 axb5 24. Nxb5 Bxd5 25. Bxd5 Qxd5 26. Qxd5 Nxd5 27. Nc4 Nxe3
28. Rde1 Nd5 29. Rxe7 Rxe7 30. Rxe7 Nxe7 31. Nbxd6 Nxd6 32. Nxd6 Bxb2 33. Bg1
Ba3 34. g4 Kg7 35. Nb7 Nd5 36. Bxc5 Bxc5 37. Nxc5 Nxf4 38. Kh2 Kf6 39. Kg3 Ne6
40. Nd3 Kg5 41. h4+ Kf6 42. Kf3 Nd4+ 43. Ke3 Ne6 44. Kf3 Nc7 45. Kf4 Nd5+ 46.
Kf3 h6 47. Nf2 Ke5 48. Nd3+ Kd4 49. Nf2 Ke5 50. Nd3+ Kf6 51. Nf2 Nc7 52. Nd3
Ne6 53. Kg3 Nd4 54. Kf4 fxg4 55. Kxg4 h5+ 56. Kg3 Nf5+ 57. Kh3 Nd6 58. Nf4 Ne4
59. Kg2 Kf5 60. Kf3 Nd2+ 61. Kg3 Nc4 62. Kf3 Ne5+ 63. Kg3 Ke4 64. Ne6 Nd3 65.
Ng5+ Ke3 66. Ne6 Nc1 67. Nf8 Ne2+ 68. Kh2 Nf4 69. Kg3 Ke4 70. Nh7 Ne2+ 71. Kf2
Nc3 72. Kg3 Kf5 73. Kf3 Ne4 74. Nf8 Nc5 75. Nh7 Ne6 76. Kg3 Ke5 77. Kf3 Nd4+
78. Kg3 Nf5+ 79. Kh3 Kf4 80. Nf8 Ne7 81. Ne6+ Ke3 82. Nf8 Kf3 83. Ne6 Nd5 84.
Ng5+ Kf2 85. Ne6 Ke3 86. Kg3 Nc3 87. Nf8 Ne2+ 88. Kg2 Nf4+ 89. Kg3 Ke4 90. Kf2
Kf5 91. Kf3 Nd3 92. Kg3 Nc5 93. Kf3 Nd3 94. Kg3 Nf4 95. Kf3 Nd5 96. Kg3 Ne7 97.
Nh7 Ke4 98. Nf8 Ke3 99. Nh7 Nf5+ 100. Kh3 Kf2 101. Nf8 Ne7 102. Kh2 Kf3 103.
Kh3 Kf4 104. Ne6+ Kf5 105. Ng5 1/2-1/2

[Event "52nd National Challengers (National â€˜Bâ€™) Chess Cha"]
[Site "Indoor Stadium,Dharamshala,Himachal Pradesh,India"]
[Date "2014.05.11"]
[Round "4"]
[Board "3"]
[White "Sunilduth Lyna, Narayanan"]
[Black "Karthikeyan, Murali"]
[Result "0-1"]
[WhiteElo "2402"]
[BlackElo "2475"]
[PlyCount "90"]
[EventDate "2014.05.09"]
[EventRounds "13"]
[EventCountry "IND"]

1. e4 c5 2. Nf3 e6 3. d4 cxd4 4. Nxd4 a6 5. Nc3 Qc7 6. Bd3 Nf6 7. O-O Nc6 8.
Nxc6 dxc6 9. Kh1 h5 10. f4 e5 11. f5 h4 12. Qf3 b5 13. a4 b4 14. Nd1 Bb7 15.
Bg5 O-O-O 16. a5 c5 17. Bxf6 gxf6 18. Ne3 h3 19. g3 Rd4 20. b3 Qc6 21. Rfd1 c4
22. bxc4 Qxe4 23. Bxe4 Bxe4 24. Qxe4 Rxe4 25. Nd5 Bc5 26. Nb6+ Bxb6 27. axb6
Rd4 28. Rxd4 exd4 29. Rxa6 Kb7 30. Ra7+ Kxb6 31. Rd7 Re8 32. Kg1 Re2 33. Rxd4
Rxc2 34. Rd6+ Kc5 35. Rxf6 b3 36. Rxf7 b2 37. Rb7 Kc6 38. Rb5 Rc1+ 39. Kf2 b1=Q
40. Rxb1 Rxb1 41. g4 Rb3 42. g5 Kd7 43. c5 Rc3 44. g6 Ke7 45. c6 Kf6 0-1

[Event "52nd National Challengers (National â€˜Bâ€™) Chess Cha"]
[Site "Indoor Stadium,Dharamshala,Himachal Pradesh,India"]
[Date "2014.05.11"]
[Round "4"]
[Board "5"]
[White "Shreyansh, Daklia"]
[Black "Shyam, Nikil P."]
[Result "0-1"]
[WhiteElo "2250"]
[BlackElo "2422"]
[PlyCount "52"]
[EventDate "2014.05.09"]
[EventRounds "13"]
[EventCountry "IND"]

1. c4 Nf6 2. g3 c6 3. Bg2 d5 4. Nf3 g6 5. b3 Bg7 6. Bb2 O-O 7. O-O a5 8. d3 Re8
9. a3 Nbd7 10. Nc3 e5 11. cxd5 Nxd5 12. Rc1 Nxc3 13. Bxc3 Nb6 14. Nd2 Qe7 15.
Bb2 Be6 16. Qc2 Rec8 17. Ne4 Nd7 18. f4 Bd5 19. fxe5 Nxe5 20. Nf6+ Bxf6 21.
Bxd5 cxd5 22. Qxc8+ Rxc8 23. Rxc8+ Kg7 24. Rc2 d4 25. Rf4 Nc6 26. Re4 Qd7 0-1

[Event "52nd National Challengers (National â€˜Bâ€™) Chess Cha"]
[Site "Indoor Stadium,Dharamshala,Himachal Pradesh,India"]
[Date "2014.05.11"]
[Round "4"]
[Board "6"]
[White "Vidit, Santosh Gujrathi"]
[Black "Nitin, S."]
[Result "1/2-1/2"]
[WhiteElo "2606"]
[BlackElo "2357"]
[PlyCount "42"]
[EventDate "2014.05.09"]
[EventRounds "13"]
[EventCountry "IND"]

1. d4 Nf6 2. Bg5 e6 3. e4 h6 4. Bxf6 Qxf6 5. c3 d6 6. Bd3 e5 7. Ne2 g6 8. O-O
Bg7 9. f4 Qe7 10. f5 O-O 11. fxg6 fxg6 12. Qb3+ Kh8 13. Rxf8+ Qxf8 14. Na3 Nd7
15. Nb5 c6 16. Nc7 Rb8 17. Rf1 Nf6 18. Na6 Ra8 19. Nc7 Rb8 20. Na6 Ra8 21. Nc7
Rb8 1/2-1/2

[Event "52nd National Challengers (National â€˜Bâ€™) Chess Cha"]
[Site "Indoor Stadium,Dharamshala,Himachal Pradesh,India"]
[Date "2014.05.11"]
[Round "4"]
[Board "7"]
[White "Lalith, Babu M.R."]
[Black "Ravi, Teja S."]
[Result "1-0"]
[WhiteElo "2571"]
[BlackElo "2345"]
[PlyCount "47"]
[EventDate "2014.05.09"]
[EventRounds "13"]
[EventCountry "IND"]

1. d4 d5 2. Nf3 Nf6 3. c4 c6 4. Nc3 a6 5. c5 Nbd7 6. Qc2 Qc7 7. e4 Nxe4 8. Nxe4
dxe4 9. Ng5 Nf6 10. Bc4 Nd5 11. Qxe4 h6 12. Nf3 Be6 13. Qe2 Bg4 14. h3 Bxf3 15.
Qxf3 Rd8 16. O-O g6 17. Re1 Bg7 18. Bxd5 Rxd5 19. Bf4 Qd7 20. Bd6 Rf5 21. Rxe7+
Qxe7 22. Qb3 Qe4 23. Qxb7 Bf6 24. d5 1-0

[Event "52nd National Challengers (National â€˜Bâ€™) Chess Cha"]
[Site "Indoor Stadium,Dharamshala,Himachal Pradesh,India"]
[Date "2014.05.11"]
[Round "4"]
[Board "8"]
[White "Saravanan, V."]
[Black "Sengupta, Deep"]
[Result "1/2-1/2"]
[WhiteElo "2341"]
[BlackElo "2536"]
[PlyCount "126"]
[EventDate "2014.05.09"]
[EventRounds "13"]
[EventCountry "IND"]

1. Nf3 e6 2. c4 f5 3. Nc3 Nf6 4. d4 Bb4 5. Qb3 Qe7 6. g3 b6 7. Bg2 Bb7 8. O-O
Bxc3 9. Qxc3 O-O 10. b4 d6 11. a4 Nbd7 12. a5 Be4 13. Bb2 Rfc8 14. Rfd1 b5 15.
d5 Bxf3 16. exf3 exd5 17. cxb5 Rab8 18. Re1 Qf8 19. Bh3 Rxb5 20. Bxf5 c5 21.
Qd2 d4 22. bxc5 dxc5 23. Ba3 Kh8 24. Bd3 Rb3 25. Ba6 Re8 26. f4 Rxe1+ 27. Qxe1
Qd6 28. Bc4 Rc3 29. Be6 h5 30. Bb2 Rc2 31. Rb1 Qe7 32. Ba1 Nf8 33. Qd1 Rxf2 34.
Rb8 Qxe6 35. Rxf8+ Kh7 36. Rxf6 Qe2 37. Qxe2 Rxe2 38. Rf5 Re1+ 39. Kf2 Rxa1 40.
Rxh5+ Kg6 41. Rxc5 Ra2+ 42. Kf3 Rxh2 43. Ke4 Rd2 44. Rd5 Kh6 45. g4 Rg2 46.
Rh5+ Kg6 47. Rg5+ Kh6 48. Kxd4 g6 49. Ke3 Rg3+ 50. Kf2 Ra3 51. Rc5 Ra1 52. Kg3
Rg1+ 53. Kh3 Rf1 54. Kg3 Rg1+ 55. Kf3 Rf1+ 56. Ke3 Rg1 57. g5+ Kh5 58. Rc6 Ra1
59. Ra6 Kg4 60. Rxg6 Ra3+ 61. Ke4 Ra4+ 62. Ke3 Ra3+ 63. Ke4 Ra4+ 1/2-1/2

[Event "52nd National Challengers (National â€˜Bâ€™) Chess Cha"]
[Site "Indoor Stadium,Dharamshala,Himachal Pradesh,India"]
[Date "2014.05.11"]
[Round "4"]
[Board "9"]
[White "Venkatesh, M.R."]
[Black "Sangma, Rahul"]
[Result "1-0"]
[WhiteElo "2519"]
[BlackElo "2333"]
[PlyCount "59"]
[EventDate "2014.05.09"]
[EventRounds "13"]
[EventCountry "IND"]

1. e4 e5 2. Nf3 Nc6 3. d4 exd4 4. Nxd4 Nf6 5. Nc3 Bb4 6. Nxc6 bxc6 7. Bd3 d5 8.
exd5 cxd5 9. O-O O-O 10. h3 h6 11. Qf3 c6 12. Ne2 Nd7 13. Bxh6 gxh6 14. Qg4+
Qg5 15. Qxb4 Rb8 16. Qc3 c5 17. f4 Qg7 18. Qxg7+ Kxg7 19. b3 Nb6 20. Ng3 c4 21.
bxc4 dxc4 22. Nh5+ Kh8 23. Be4 Bb7 24. Bxb7 Rxb7 25. Rad1 Re7 26. f5 Re2 27.
Rd6 Kh7 28. Rf2 Re1+ 29. Kh2 Ra1 30. Rf4 1-0

[Event "52nd National Challengers (National â€˜Bâ€™) Chess Cha"]
[Site "Indoor Stadium,Dharamshala,Himachal Pradesh,India"]
[Date "2014.05.11"]
[Round "4"]
[Board "10"]
[White "Himanshu, Sharma"]
[Black "Deepan, Chakkravarthy J."]
[Result "1-0"]
[WhiteElo "2350"]
[BlackElo "2513"]
[PlyCount "133"]
[EventDate "2014.05.09"]
[EventRounds "13"]
[EventCountry "IND"]

1. e4 c5 2. Nc3 a6 3. g4 e6 4. d3 b5 5. Bg2 Bb7 6. Nh3 Nc6 7. f4 Nge7 8. Be3
Ng6 9. Rf1 Be7 10. Qd2 Qc7 11. O-O-O b4 12. Ne2 a5 13. Ng3 a4 14. Nh5 Rg8 15.
Kb1 a3 16. b3 Nd4 17. Ng1 Nb5 18. Ne2 Nh4 19. Bh1 g6 20. Nhg3 g5 21. c4 bxc3
22. Nxc3 Nxc3+ 23. Qxc3 gxf4 24. Bxf4 Qa5 25. Qxa5 Rxa5 26. h3 Ng6 27. Bd2 Ra7
28. Bc3 d6 29. Nh5 Ne5 30. Bxe5 dxe5 31. Nf6+ Bxf6 32. Rxf6 Ba6 33. Kc2 Rd7 34.
Rh6 Ke7 35. Bf3 Rg6 36. Rxg6 hxg6 37. g5 Rd8 38. Be2 Rh8 39. Rh1 Bb5 40. Kc3
Rd8 41. Rc1 Rd4 42. Kd2 Kd6 43. Ke3 Kc6 44. Rf1 Rd7 45. Kd2 Kd6 46. h4 Ke7 47.
Rc1 Kd6 48. d4 Bxe2 49. dxc5+ Kc6+ 50. Kxe2 Rd8 51. b4 Rb8 52. Rb1 Kb5 53. Ke3
Rh8 54. Rc1 Rxh4 55. c6 Rh3+ 56. Kd2 Rh2+ 57. Kc3 Rh3+ 58. Kd2 Rh2+ 59. Kd1 Rh8
60. c7 Rc8 61. Rc3 Ka4 62. Kd2 Kb5 63. Kd3 Kxb4 64. Kc2 Ka4 65. Rc4+ Ka5 66.
Kb3 Kb5 67. Rc2 1-0

[Event "52nd National Challengers (National â€˜Bâ€™) Chess Cha"]
[Site "Indoor Stadium,Dharamshala,Himachal Pradesh,India"]
[Date "2014.05.11"]
[Round "4"]
[Board "11"]
[White "Prince, Bajaj"]
[Black "Shyam, Sundar M."]
[Result "1/2-1/2"]
[WhiteElo "2318"]
[BlackElo "2486"]
[PlyCount "96"]
[EventDate "2014.05.09"]
[EventRounds "13"]
[EventCountry "IND"]

1. e4 e6 2. d4 d5 3. Nc3 Bb4 4. exd5 exd5 5. Bd3 Nc6 6. a3 Bxc3+ 7. bxc3 Nge7
8. Qh5 Be6 9. Nf3 Qd7 10. Ng5 O-O-O 11. Nxe6 Qxe6+ 12. Qe2 Nf5 13. Qxe6+ fxe6
14. O-O Nd6 15. Re1 Kd7 16. Bf4 Rdf8 17. Be5 Nxe5 18. dxe5 Nc8 19. c4 dxc4 20.
Bxc4 Nb6 21. Bd3 c6 22. Re4 Kc7 23. Rh4 Nd7 24. Re1 h6 25. Rg4 Rf7 26. Bg6 Re7
27. Rd4 Nc5 28. f4 Rd7 29. Red1 Rd5 30. Kf2 b5 31. Ke3 Rf8 32. g4 a5 33. Rxd5
cxd5 34. f5 Kc6 35. Kd4 h5 36. h3 hxg4 37. hxg4 exf5 38. gxf5 Rh8 39. Bf7 Rh4+
40. Kc3 Na4+ 41. Kd2 Nb2 42. Re1 Nc4+ 43. Kc1 Rh3 44. e6 Rxa3 45. Kb1 Nd2+ 46.
Kb2 Nc4+ 47. Kb1 Nd2+ 48. Kb2 Nc4+ 1/2-1/2

[Event "52nd National Challengers (National â€˜Bâ€™) Chess Cha"]
[Site "Indoor Stadium,Dharamshala,Himachal Pradesh,India"]
[Date "2014.05.11"]
[Round "4"]
[Board "12"]
[White "Kunte, Abhijit"]
[Black "Tiwari, Arjun"]
[Result "1-0"]
[WhiteElo "2484"]
[BlackElo "2301"]
[PlyCount "115"]
[EventDate "2014.05.09"]
[EventRounds "13"]
[EventCountry "IND"]

1. d4 Nf6 2. c4 g6 3. Nf3 Bg7 4. g3 O-O 5. Bg2 d6 6. O-O Nc6 7. Nc3 a6 8. Bf4
e6 9. Qd2 Rb8 10. Rac1 Ne7 11. a4 Bd7 12. e4 Nh5 13. Bh6 f5 14. Bxg7 Kxg7 15.
Rfe1 Nc6 16. d5 exd5 17. cxd5 Na5 18. Na2 fxe4 19. Rxe4 Nb3 20. Qc3+ Nf6 21.
Rce1 Nc5 22. Re7+ Rf7 23. R7e3 h6 24. Nd4 Nxa4 25. Qc2 Nb6 26. Nc3 Qg8 27. Qb3
Kh8 28. Ne6 Bxe6 29. dxe6 Re7 30. Qb4 Rbe8 31. Qf4 Rxe6 32. Qxh6+ Nh7 33. Bxb7
Rxe3 34. Rxe3 d5 35. Nxd5 Rxe3 36. Nxe3 Nd7 37. Qf4 Qb3 38. Qxc7 Nhf6 39. Bc6
Nf8 40. Qe5 Kg7 41. Bd5 Qb4 42. Qc7+ Kh6 43. Bc4 Qxb2 44. Bxa6 Ne6 45. Qc6 Ng5
46. Qxf6 Qxf6 47. Ng4+ Kg7 48. Nxf6 Kxf6 49. h4 Ne6 50. Kg2 Nc5 51. Bc4 Nd7 52.
f4 Nc5 53. Kf3 Nb7 54. g4 Nd6 55. Bd3 Nf7 56. g5+ Kg7 57. Kg4 Nd6 58. h5 1-0

[Event "52nd National Challengers (National â€˜Bâ€™) Chess Cha"]
[Site "Indoor Stadium,Dharamshala,Himachal Pradesh,India"]
[Date "2014.05.11"]
[Round "4"]
[Board "13"]
[White "Girinath, P.D.S."]
[Black "Vishnu, Prasanna. V"]
[Result "1/2-1/2"]
[WhiteElo "2312"]
[BlackElo "2467"]
[PlyCount "95"]
[EventDate "2014.05.09"]
[EventRounds "13"]
[EventCountry "IND"]

1. e4 c5 2. Nf3 Nc6 3. Bb5 d6 4. O-O Bd7 5. Re1 Nf6 6. c3 a6 7. Bf1 Bg4 8. d3
e6 9. Nbd2 Qc7 10. h3 Bh5 11. g4 Bg6 12. Nh4 Be7 13. f4 d5 14. e5 Nd7 15. Ndf3
O-O 16. a3 Rae8 17. Bg2 b5 18. Be3 d4 19. cxd4 Nxd4 20. Nxg6 fxg6 21. Nxd4 cxd4
22. Rc1 Qd8 23. Bd2 g5 24. f5 exf5 25. gxf5 Rxf5 26. Qg4 Ref8 27. Qxd4 Nxe5 28.
Qxd8 Bxd8 29. Bb4 Nxd3 30. Bxf8 Nxe1 31. Rxe1 Bb6+ 32. Kh1 Kxf8 33. Rf1 Rxf1+
34. Bxf1 Ke7 35. a4 Kf6 36. axb5 a5 37. Bd3 g6 38. Kg2 Ke5 39. Bc4 Kd4 40. Bg8
Kd3 41. Bxh7 Kc2 42. Bxg6+ Kxb2 43. Kf3 a4 44. Kg4 a3 45. Bf7 Bd8 46. b6 Bxb6
47. Kxg5 a2 48. Bxa2 1/2-1/2

[Event "52nd National Challengers (National â€˜Bâ€™) Chess Cha"]
[Site "Indoor Stadium,Dharamshala,Himachal Pradesh,India"]
[Date "2014.05.11"]
[Round "4"]
[Board "14"]
[White "Thejkumar, M. S."]
[Black "Kumaran, B"]
[Result "0-1"]
[WhiteElo "2460"]
[BlackElo "2294"]
[PlyCount "136"]
[EventDate "2014.05.09"]
[EventRounds "13"]
[EventCountry "IND"]

1. d4 Nf6 2. Nf3 e6 3. c4 b6 4. g3 Ba6 5. Qb3 c6 6. Nc3 d5 7. cxd5 cxd5 8. Bf4
Bc4 9. Qc2 Nc6 10. Bg2 Rc8 11. O-O Bd6 12. Bxd6 Qxd6 13. Qa4 Qb4 14. Qxb4 Nxb4
15. Ne5 Ke7 16. b3 Bd3 17. Nxd3 Nxd3 18. Nb5 a6 19. Na7 Rc7 20. exd3 Rxa7 21.
f4 g6 22. Rfc1 Kd7 23. Kf2 Rc8 24. Rxc8 Kxc8 25. Ke2 Kd7 26. Bf3 h5 27. h3 Ra8
28. Rh1 Rh8 29. Kd2 Ne8 30. g4 hxg4 31. hxg4 Rxh1 32. Bxh1 Nd6 33. a4 b5 34.
Bf3 b4 35. Ke3 Ke7 36. Bg2 Kf8 37. Bf3 Kg7 38. Bg2 Nb7 39. Bf3 Na5 40. Bd1 Nc6
41. g5 f6 42. Bg4 Kf7 43. Bd1 fxg5 44. fxg5 Ke7 45. Be2 Na5 46. Bd1 Kd6 47. Kf4
Nc6 48. Ke3 e5 49. dxe5+ Kxe5 50. Bg4 Nd4 51. a5 Nxb3 52. d4+ Nxd4 53. Bc8 Nc6
54. Bxa6 Nxa5 55. Bd3 Nc4+ 56. Ke2 Kf4 57. Bxg6 Kxg5 58. Bf7 Nb6 59. Kd3 Kf6
60. Bg8 Ke5 61. Kc2 Kd4 62. Kb3 Kc5 63. Bf7 d4 64. Bg6 Nc4 65. Bh7 Ne5 66. Bf5
d3 67. Bh7 d2 68. Kc2 Nc4 0-1

[Event "52nd National Challengers (National â€˜Bâ€™) Chess Cha"]
[Site "Indoor Stadium,Dharamshala,Himachal Pradesh,India"]
[Date "2014.05.11"]
[Round "4"]
[Board "15"]
[White "Laxman, R.R."]
[Black "Lokesh, P."]
[Result "1-0"]
[WhiteElo "2450"]
[BlackElo "2253"]
[PlyCount "101"]
[EventDate "2014.05.09"]
[EventRounds "13"]
[EventCountry "IND"]

1. d4 Nf6 2. c4 e6 3. Nf3 Bb4+ 4. Nbd2 c5 5. e3 O-O 6. a3 Bxd2+ 7. Bxd2 cxd4 8.
exd4 b6 9. Bd3 Bb7 10. b4 d6 11. Bc3 Nbd7 12. O-O Re8 13. Re1 Qc7 14. Nd2 Nf8
15. Rc1 Ng6 16. d5 e5 17. a4 Nf4 18. Bf1 Qc8 19. f3 Qf5 20. Ne4 Rad8 21. Kh1
Qg6 22. g3 N4h5 23. Bh3 Qh6 24. Bd2 Qg6 25. Qe2 Nxe4 26. fxe4 Bc8 27. Bf5 Bxf5
28. exf5 Nxg3+ 29. hxg3 Qxg3 30. Qg2 Qd3 31. Bh6 g6 32. Re4 Rc8 33. Bg5 a6 34.
Rh4 h5 35. Rh3 Qd4 36. Rf1 Qg4 37. Qxg4 hxg4 38. Rh6 Kg7 39. Kg2 Rg8 40. Bf6+
Kf8 41. Rc1 Ke8 42. Kg3 Rc7 43. Kxg4 Kd7 44. Rh7 Kc8 45. c5 bxc5 46. bxc5 dxc5
47. d6 Rb7 48. Kg5 e4 49. Kf4 g5+ 50. Bxg5 e3 51. Rxc5+ 1-0

[Event "52nd National Challengers (National â€˜Bâ€™) Chess Cha"]
[Site "Indoor Stadium,Dharamshala,Himachal Pradesh,India"]
[Date "2014.05.12"]
[Round "5"]
[Board "2"]
[White "Karthikeyan, Murali"]
[Black "Shyam, Nikil P."]
[Result "1-0"]
[WhiteElo "2475"]
[BlackElo "2422"]
[PlyCount "171"]
[EventDate "2014.05.09"]
[EventRounds "13"]
[EventCountry "IND"]

1. e4 c5 2. Nf3 d6 3. d4 cxd4 4. Nxd4 Nf6 5. Nc3 a6 6. h3 e5 7. Nde2 h5 8. Bg5
Be6 9. Bxf6 Qxf6 10. Nd5 Qd8 11. Nec3 Nd7 12. Bc4 Rc8 13. Bb3 Qg5 14. Qf3 Be7
15. Ba4 Bd8 16. Rd1 b5 17. Bb3 Ba5 18. O-O O-O 19. a4 Bxc3 20. Nxc3 b4 21. Nd5
Nc5 22. Ne3 Rfd8 23. Bxe6 Nxe6 24. Rd2 Nd4 25. Qd1 Rc5 26. Kh1 Qf4 27. Qxh5
Qxe4 28. Qd1 a5 29. Re1 Qc6 30. b3 Re8 31. Nc4 Re6 32. f4 Rxc4 33. bxc4 Qxc4
34. fxe5 dxe5 35. Qg4 Qc3 36. Red1 Qc6 37. Rf1 Qxa4 38. Rdf2 f5 39. Qh4 Rf6 40.
Re1 Qb5 41. Rd2 Qd5 42. Qh5 Re6 43. Qxf5 Qxg2+ 44. Kxg2 Nxf5 45. Rd5 Rc6 46.
Rexe5 Rxc2+ 47. Kf3 Rc3+ 48. Kf2 Nh6 49. Re3 Rc2+ 50. Kf3 a4 51. Re4 Rc3+ 52.
Kg2 Rc2+ 53. Kg3 b3 54. Rxa4 b2 55. Rb5 Nf5+ 56. Kf4 Rf2+ 57. Kg5 Nh6 58. Rab4
Rf3 59. Kh4 Rf2 60. Rxb2 Rxb2 61. Rxb2 Kh7 62. Rb6 Nf7 63. Kh5 Nh6 64. Rb4 Nf7
65. Rf4 Kg8 66. Rf5 Nh6 67. Rf2 Nf7 68. Kg6 Nh8+ 69. Kf5 Nf7 70. Rg2 Kh7 71.
Ke6 Nh8 72. h4 Kh6 73. h5 Kh7 74. Ke7 Kh6 75. Rg1 g6 76. Kf6 gxh5 77. Rg8 Kh7
78. Rg7+ Kh6 79. Rg8 Kh7 80. Rg5 Kh6 81. Rg7 h4 82. Rg8 Kh7 83. Rg4 h3 84. Rh4+
Kg8 85. Rxh3 Nf7 86. Rd3 1-0

[Event "52nd National Challengers (National â€˜Bâ€™) Chess Cha"]
[Site "Indoor Stadium,Dharamshala,Himachal Pradesh,India"]
[Date "2014.05.12"]
[Round "5"]
[Board "3"]
[White "Swapnil, S. Dhopade"]
[Black "Lalith, Babu M.R."]
[Result "1/2-1/2"]
[WhiteElo "2434"]
[BlackElo "2571"]
[PlyCount "35"]
[EventDate "2014.05.09"]
[EventRounds "13"]
[EventCountry "IND"]

1. Nf3 c5 2. g3 b6 3. Bg2 Bb7 4. O-O Nf6 5. c4 g6 6. d3 Bg7 7. Nc3 O-O 8. Bf4
d6 9. Qd2 Nc6 10. Bh6 d5 11. Bxg7 Kxg7 12. cxd5 Nxd5 13. d4 cxd4 14. Nxd4 Nf6
15. Rfd1 Qxd4 16. Qxd4 Nxd4 17. Bxb7 Rab8 18. Bg2 1/2-1/2

[Event "52nd National Challengers (National â€˜Bâ€™) Chess Cha"]
[Site "Indoor Stadium,Dharamshala,Himachal Pradesh,India"]
[Date "2014.05.12"]
[Round "5"]
[Board "4"]
[White "Rathnakaran, K."]
[Black "Venkatesh, M.R."]
[Result "1-0"]
[WhiteElo "2397"]
[BlackElo "2519"]
[PlyCount "105"]
[EventDate "2014.05.09"]
[EventRounds "13"]
[EventCountry "IND"]

1. e4 c5 2. Nf3 Nc6 3. Bb5 d6 4. O-O Bd7 5. Re1 Nf6 6. c3 a6 7. Bf1 Bg4 8. h3
Bxf3 9. Qxf3 g6 10. Qd1 e5 11. d3 Bg7 12. Bg5 O-O 13. Qf3 h6 14. Bh4 g5 15. Bg3
Qd7 16. Nd2 b5 17. Be2 Rab8 18. Rad1 a5 19. Nf1 b4 20. Ne3 bxc3 21. bxc3 Rb2
22. Nf5 Qe6 23. h4 g4 24. Qe3 Ne7 25. Nxh6+ Kh7 26. Nf5 Nxf5 27. exf5 Qxa2 28.
Ra1 Qb3 29. d4 cxd4 30. cxd4 Qxe3 31. fxe3 Ne4 32. f6 Nxg3 33. fxg7 Rg8 34.
Bd3+ e4 35. Ba6 Rxg7 36. Rxa5 Kh6 37. Kh2 Nh5 38. Rf1 Rf2 39. Rxf2 g3+ 40. Kh3
gxf2 41. g4 d5 42. Ra2 Rg6 43. gxh5 Rf6 44. Kg2 Kxh5 45. Be2+ Kxh4 46. Ra6
f1=Q+ 47. Bxf1 Rf3 48. Rh6+ Kg5 49. Rh3 Rf6 50. Be2 Rd6 51. Kg3 Rg6 52. Rh5+
Kf6+ 53. Bg4 1-0